| 000 | 00747cab a2200229 4500 | ||
|---|---|---|---|
| 001 | WB3202-03 | ||
| 008 | 090401t1996 xxu||||| |||| 00| 0 eng d | ||
| 035 | _a(Sirsi) u58531 | ||
| 041 | _aeng | ||
| 245 | _aHousebuilding: November 1995 | ||
| 260 | _c1996 | ||
| 350 | _a0 | ||
| 490 |
_aDOE Information Bulletin _v(7) 10 January 1996, (8) |
||
| 520 | _a11,900 dwellings were started in Great Britain in November 1995 (prov est) compared with 14,400 in November 1994. Completions were down by 8%. Includes renovation grant statistics. | ||
| 650 | _aHOUSE BUILDING | ||
| 650 | _aHOUSING RENOVATION GRANTS | ||
| 650 | _aSTARTS AND COMPLETIONS | ||
| 650 | _aSTATISTICS | ||
| 690 | _aBUILT ENVIRONMENT | ||
| 942 | _n0 | ||
| 948 | _c04/03/1997 | ||
| 999 |
_c35756 _d35756 |
||